[Event "Klatovy"]
[Site "?"]
[Date "2007.??.??"]
[Round "?"]
[White "Muzikar, M."]
[Black "Hampel, R."]
[Result "0-1"]
[WhiteElo "1890"]
[BlackElo "1820"]
[PlyCount "138"]
[EventDate "2007.??.??"]

1. e4 c5 2. Nf3 e6 3. d4 cxd4 4. Nxd4 Nf6 5. Nc3 Nc6 6. Bg5 Bb4 7. Nxc6 bxc6 8.
e5 Qa5 9. Qd4 Ne4 10. Bd2 Nxd2 11. Kxd2 O-O 12. a3 Be7 13. b4 Qc7 14. Ne4 f6
15. exf6 Rxf6 16. f3 d5 17. Ng3 Rf8 18. Qe3 Qd8 19. Kd1 a5 20. b5 cxb5 21. Bxb5
Bg5 22. Qe2 Qf6 23. Rb1 e5 24. Nh5 Qd6 25. a4 Bf5 26. Ng3 Be6 27. Qd3 Rad8 28.
c3 Qc7 29. Ke2 Bf4 30. Rb3 e4 31. Qb1 Qc5 32. c4 exf3+ 33. gxf3 dxc4 34. Ne4
Qe5 35. Rb2 Rd3 36. Rd1 Rfd8 37. Rxd3 Rxd3 38. Be8 h6 39. Bg6 Rb3 40. Rxb3 cxb3
41. Qd3 Qc7 42. Nc5 Qxc5 43. Qd8+ Qf8 44. Bh7+ Kxh7 45. Qxf8 b2 46. Qxf4 b1=Q
47. Kf2 Qc2+ 48. Kg3 Qc4 49. Qe5 Qd5 50. Qc3 h5 51. Qe3 Qf5 52. Kf2 h4 53. Qe1
h3 54. Qe3 Qg6 55. Ke1 Qb1+ 56. Kd2 Qb2+ 57. Ke1 Qb4+ 58. Kf2 Qh4+ 59. Kg1 Qf6
60. Kf2 Bf5 61. Qf4 Qg6 62. Qh4+ Qh6 63. Qd4 Qg5 64. Qd6 Qg6 65. Qf4 Kg8 66.
Qb8+ Kh7 67. Qf4 Bd3 68. Qe5 Qg2+ 69. Ke3 Qe2+ 0-1

[Event "Klatovy"]
[Site "?"]
[Date "2007.??.??"]
[Round "?"]
[White "Vedral, O."]
[Black "Brom, J."]
[Result "1-0"]
[WhiteElo "2260"]
[BlackElo "2120"]
[PlyCount "73"]
[EventDate "2007.??.??"]

1. e4 c5 2. Nf3 Nc6 3. d4 cxd4 4. Nxd4 Nf6 5. Nc3 e5 6. Ndb5 d6 7. Bg5 a6 8.
Na3 b5 9. Nd5 Be7 10. Bxf6 Bxf6 11. c3 Bg5 12. Nc2 O-O 13. a4 bxa4 14. Rxa4 a5
15. Bc4 Rb8 16. b3 Kh8 17. O-O f5 18. exf5 Bxf5 19. Nce3 Bg6 20. Qe2 Qd7 21.
Rd1 Bf7 22. Nf1 Bd8 23. Ng3 Bxd5 24. Bxd5 Ne7 25. Qd3 Nxd5 26. Qxd5 Rb5 27. Qd3
Rxb3 28. Ra2 Bb6 29. Ne4 d5 30. g3 d4 31. Qc2 a4 32. cxd4 Bxd4 33. Qc4 Qg4 34.
Re1 h6 35. Qxa4 Rbf3 36. Rae2 Rxf2 37. Nxf2 1-0

[Event "Klatovy"]
[Site "?"]
[Date "2007.??.??"]
[Round "?"]
[White "Havlik, J."]
[Black "Vorisek, J."]
[Result "1/2-1/2"]
[WhiteElo "2260"]
[BlackElo "2265"]
[PlyCount "55"]
[EventDate "2007.??.??"]

1. e4 e5 2. Nf3 Nc6 3. Bb5 a6 4. Ba4 Nf6 5. O-O Be7 6. Re1 b5 7. Bb3 d6 8. c3
O-O 9. d4 Bg4 10. Be3 Bh5 11. Nbd2 d5 12. exd5 Nxd5 13. Ne4 Nxe3 14. fxe3 Bg6
15. Ng3 Bf6 16. e4 Re8 17. Bd5 Qd6 18. dxe5 Bxe5 19. Nxe5 Rxe5 20. Qf3 Rae8 21.
Rf1 Nd8 22. Rad1 Ne6 23. Kh1 c6 24. Bb3 Qc7 25. h4 h5 26. Nf5 Nc5 27. Nd6 R8e7
28. Nf5 1/2-1/2

[Event "Klatovy"]
[Site "?"]
[Date "2007.??.??"]
[Round "?"]
[White "Lacina, A."]
[Black "Smid, M."]
[Result "1/2-1/2"]
[WhiteElo "2250"]
[BlackElo "2185"]
[PlyCount "34"]
[EventDate "2007.??.??"]

1. e4 e5 2. Nf3 Nc6 3. Bb5 g6 4. O-O Bg7 5. Re1 Nge7 6. c3 O-O 7. d4 exd4 8.
cxd4 d5 9. e5 Bg4 10. Be3 Nf5 11. Bxc6 bxc6 12. Nbd2 c5 13. dxc5 Bxe5 14. Qc1
Bxf3 15. Nxf3 Bg7 16. Bg5 Qb8 17. Rb1 Qb4 1/2-1/2

[Event "Klatovy"]
[Site "?"]
[Date "2007.??.??"]
[Round "?"]
[White "Erneker, J."]
[Black "Sodoma, J."]
[Result "0-1"]
[WhiteElo "2155"]
[BlackElo "2315"]
[PlyCount "129"]
[EventDate "2007.??.??"]

1. c4 Nf6 2. Nc3 e6 3. d4 Bb4 4. Qc2 O-O 5. e4 d5 6. e5 Ne4 7. Nf3 c5 8. a3 Qa5
9. Bd2 Nxd2 10. Qxd2 cxd4 11. Qxd4 Nc6 12. Qe3 d4 13. Nxd4 Bxc3+ 14. Qxc3 Qxc3+
15. bxc3 Nxe5 16. f4 Nd7 17. Be2 Nc5 18. Rb1 b6 19. O-O Bb7 20. Rfd1 Be4 21.
Rb4 Rfd8 22. g3 Rac8 23. Kf2 Kf8 24. Ke3 Ke7 25. Ra1 Rd6 26. Ra2 f5 27. Rab2
Bc6 28. Rb1 Ne4 29. R1b3 Nc5 30. Rb1 h6 31. a4 Bd7 32. Nb5 Bxb5 33. axb5 Nb7
34. Rd1 Rxd1 35. Bxd1 Rd8 36. Be2 Nc5 37. Rb2 e5 38. Ra2 Rd7 39. fxe5 Ke6 40.
Bf3 Kxe5 41. Bd5 g5 42. Kf3 Re7 43. Re2+ Kf6 44. Ra2 Nd3 45. Ra1 Ne5+ 46. Kg2
g4 47. h3 h5 48. c5 gxh3+ 49. Kxh3 bxc5 50. Kh4 Ng6+ 51. Kh3 Kg5 52. c4 Re3 53.
Kg2 Re2+ 54. Kf3 Re7 55. Ra6 Ne5+ 56. Kg2 Nd3 57. Kf3 Ne5+ 58. Kg2 h4 59. gxh4+
Kxh4 60. Kf1 Kg3 61. Ra3+ Kf4 62. Kg2 Ng4 63. Kg1 Ne3 64. Rc3 Rg7+ 65. Kf2 0-1

[Event "Klatovy"]
[Site "?"]
[Date "2007.??.??"]
[Round "?"]
[White "Trmota, Z."]
[Black "Kubecka, D."]
[Result "1/2-1/2"]
[WhiteElo "2155"]
[BlackElo "2260"]
[PlyCount "68"]
[EventDate "2007.??.??"]

1. d4 Nf6 2. Nf3 g6 3. c4 Bg7 4. Nc3 O-O 5. e4 d6 6. Be2 e5 7. O-O Nc6 8. d5
Ne7 9. Ne1 Ne8 10. Be3 f5 11. f3 f4 12. Bf2 g5 13. c5 Ng6 14. cxd6 cxd6 15. Rc1
h5 16. Nb5 a6 17. Nc7 Nxc7 18. Bb6 Rf7 19. Rc3 g4 20. fxg4 hxg4 21. Bxg4 f3 22.
Bxf3 Nh4 23. Qc2 Qg5 24. Rxc7 Rxc7 25. Qxc7 Bh3 26. Qc2 Bh6 27. Qf2 Rc8 28. Qg3
Qxg3 29. hxg3 Nxf3+ 30. Nxf3 Bd7 31. Nh4 Rc2 32. Rf2 Rc1+ 33. Rf1 Rc2 34. Rf2
Rc1+ 1/2-1/2

[Event "Klatovy"]
[Site "?"]
[Date "2007.??.??"]
[Round "?"]
[White "Stluka, F."]
[Black "Palek, M."]
[Result "1/2-1/2"]
[WhiteElo "2145"]
[BlackElo "2245"]
[PlyCount "91"]
[EventDate "2007.??.??"]

1. d4 Nf6 2. c4 c5 3. d5 Ne4 4. f3 Qa5+ 5. Nd2 Nd6 6. e4 g6 7. Kf2 b5 8. Nb3
Qc7 9. cxb5 Bg7 10. Qc2 a6 11. b6 Qxb6 12. Be3 f5 13. Bxc5 Qc7 14. Bd3 O-O 15.
Rc1 fxe4 16. Bxe4 a5 17. Qb1 a4 18. Nd2 Na6 19. Be3 Qb7 20. Nc4 Nxe4+ 21. Qxe4
d6 22. Nb6 Bf5 23. Qc4 Rab8 24. Qxa4 Nc5 25. Rxc5 Qxb6 26. Rc1 Qxb2+ 27. Ne2
Ra8 28. Qb3 Rxa2 29. Qxb2 Rxb2 30. Rhd1 Ra8 31. Rd2 Rxd2 32. Bxd2 Ra2 33. Ke3
Bh6+ 34. f4 Be4 35. Re1 g5 36. g3 gxf4+ 37. Nxf4 Kf7 38. Rf1 Ra3+ 39. Kxe4 Ra4+
40. Ke3 Kf6 41. Bc3+ Kf5 42. Kd3 Bxf4 43. Rxf4+ Rxf4 44. gxf4 Kxf4 45. Bg7 e5
46. dxe6 1/2-1/2

[Event "Klatovy"]
[Site "?"]
[Date "2007.??.??"]
[Round "?"]
[White "Jaros, M."]
[Black "Volak, M."]
[Result "1/2-1/2"]
[WhiteElo "2195"]
[BlackElo "2145"]
[PlyCount "87"]
[EventDate "2007.??.??"]

1. e4 c5 2. c3 d5 3. exd5 Qxd5 4. d4 Nf6 5. Nf3 e6 6. Be2 cxd4 7. cxd4 Be7 8.
Nc3 Qd6 9. O-O O-O 10. Bc4 Nd5 11. Re1 Nc6 12. a3 b6 13. Ne4 Qd8 14. Qd3 Nf6
15. Nc3 Bb7 16. Bf4 Nd5 17. Nxd5 exd5 18. Bb3 Bf6 19. Rac1 Rc8 20. Ne5 g6 21.
Nxc6 Rxc6 22. Ba4 Rc8 23. Bh6 Bg7 24. Bxg7 Kxg7 25. h3 Qg5 26. Qe3 Qxe3 27.
fxe3 Rfd8 28. Kf2 Kf8 29. Ke2 Ke7 30. Kd2 Rxc1 31. Rxc1 Kd6 32. Bb5 f6 33. Ke2
Rc8 34. Rxc8 Bxc8 35. Bd3 Ke6 36. h4 Kf7 37. e4 Bb7 38. exd5 Bxd5 39. g3 f5 40.
Kd2 Kf6 41. Ke3 h6 42. Kf4 g5+ 43. hxg5+ hxg5+ 44. Ke3 1/2-1/2

[Event "Klatovy"]
[Site "?"]
[Date "2007.??.??"]
[Round "?"]
[White "Jacek, M."]
[Black "Krejci, J."]
[Result "0-1"]
[WhiteElo "2105"]
[BlackElo "2190"]
[PlyCount "154"]
[EventDate "2007.??.??"]

1. d4 d5 2. Nf3 Nf6 3. e3 Bg4 4. c4 e6 5. Qb3 Qc8 6. Ne5 Bh5 7. Nc3 c6 8. Bd3
Be7 9. O-O O-O 10. Bd2 Nbd7 11. f4 dxc4 12. Bxc4 Nb6 13. Bd3 Bg6 14. Nxg6 hxg6
15. Rac1 Qd8 16. Ne4 Qd5 17. Nxf6+ Bxf6 18. Qxd5 exd5 19. b4 a6 20. g4 g5 21.
f5 Rfe8 22. Kf2 Kf8 23. Kf3 Ke7 24. Be1 Kd7 25. Bg3 Be7 26. Rcd1 Bd6 27. Bxd6
Kxd6 28. Rf2 Rh8 29. Kg3 f6 30. h3 Rae8 31. Re2 Na4 32. Rc1 Nb2 33. Bb1 Nc4 34.
Rc3 b5 35. Bc2 Rh4 36. Bb3 Rhh8 37. Bxc4 bxc4 38. Ra3 Ra8 39. Rc3 Rhb8 40. a3
a5 41. bxa5 Rxa5 42. e4 dxe4 43. Rxc4 Kd5 44. Rc3 Rba8 45. Kg2 R8a6 46. Rce3
Rxa3 47. Rxe4 Ra2 48. Kf2 Rxe2+ 49. Rxe2 Kxd4 50. Re7 c5 51. Rd7+ Ke4 52. Rxg7
Rc6 53. Re7+ Kd5 54. Ke3 c4 55. Kd2 Ra6 56. Rd7+ Ke5 57. Kc3 Ra3+ 58. Kxc4 Rxh3
59. Re7+ Kf4 60. Rf7 Kxg4 61. Rxf6 Rf3 62. Kd4 Rxf5 63. Re6 Kf3 64. Re1 Kf2 65.
Ra1 g4 66. Ke4 Rf8 67. Ra2+ Kg1 68. Ra1+ Kg2 69. Ra2+ Rf2 70. Ra1 g3 71. Ke3
Rf8 72. Ra2+ Kg1 73. Ra1+ Kh2 74. Ra7 g2 75. Rh7+ Kg1 76. Ra7 Rh8 77. Kf3 Kh1
0-1

[Event "Klatovy"]
[Site "?"]
[Date "2007.??.??"]
[Round "?"]
[White "Pokrupa, M."]
[Black "Routner, J."]
[Result "1/2-1/2"]
[WhiteElo "2175"]
[BlackElo "2135"]
[PlyCount "27"]
[EventDate "2007.??.??"]

1. g3 g6 2. Bg2 Bg7 3. Nf3 e5 4. O-O d6 5. c4 Nf6 6. Nc3 O-O 7. d4 Nbd7 8. h3
c6 9. Rb1 Qe7 10. b4 Nh5 11. dxe5 dxe5 12. e4 Rd8 13. Qb3 Nb6 14. c5 1/2-1/2

[Event "Klatovy"]
[Site "?"]
[Date "2007.??.??"]
[Round "?"]
[White "Plat, V."]
[Black "Sott, P."]
[Result "1-0"]
[WhiteElo "2280"]
[BlackElo "2115"]
[PlyCount "153"]
[EventDate "2007.??.??"]

1. d4 Nf6 2. c4 c5 3. d5 g6 4. Nc3 Bg7 5. e4 d6 6. Nf3 O-O 7. Be2 Bg4 8. O-O
Nbd7 9. Bf4 a6 10. Qd2 Re8 11. Rfe1 Qa5 12. a3 Bxf3 13. Bxf3 b5 14. Be2 bxc4
15. Bxc4 Rab8 16. Qc2 Nh5 17. Bd2 Ne5 18. Be2 Nf6 19. Na4 Qc7 20. b4 c4 21.
Rac1 Rec8 22. Nb2 c3 23. Bxc3 Bh6 24. Bxa6 Bxc1 25. Rxc1 Rd8 26. Bd4 Qxc2 27.
Rxc2 Nxe4 28. Na4 Nf6 29. Nb6 Ned7 30. Nxd7 Nxd7 31. Rc3 Nb6 32. Bxb6 Rxb6 33.
Rc6 Rdb8 34. Rxb6 Rxb6 35. b5 Kf8 36. a4 Ke8 37. a5 Rb8 38. b6 Kd8 39. Bb5 e6
40. a6 Rxb6 41. a7 Rxb5 42. a8=Q+ Ke7 43. Qa7+ Kf8 44. g3 Rxd5 45. Kg2 h5 46.
Qa2 Kg8 47. f3 Kg7 48. h4 Kg8 49. Kh3 Rd3 50. Qc2 Rd5 51. Qb2 Rd3 52. Qf6 Rd5
53. g4 Kf8 54. Kg3 Kg8 55. gxh5 gxh5 56. Kf2 Rd2+ 57. Ke3 Rd5 58. f4 Kf8 59.
Ke4 Kg8 60. Qe7 Kg7 61. Qd8 Kg6 62. Qh8 Rf5 63. Qg8+ Kf6 64. Qd8+ Kg7 65. Qxd6
Kg8 66. Qd4 Kh7 67. Qd3 Kg7 68. Qd8 Kh7 69. Qf8 Rf6 70. Qc5 Rf5 71. Qxf5+ exf5+
72. Kxf5 Kg8 73. Kg5 Kg7 74. Kxh5 Kf8 75. Kh6 Kg8 76. Kg5 Kg7 77. h5 1-0

[Event "Klatovy"]
[Site "?"]
[Date "2007.??.??"]
[Round "?"]
[White "Vanka, M."]
[Black "Palkova, K."]
[Result "1-0"]
[WhiteElo "2185"]
[BlackElo "2070"]
[PlyCount "83"]
[EventDate "2007.??.??"]

1. e4 c5 2. Nc3 Nc6 3. f4 e6 4. Nf3 d5 5. d3 b6 6. Bd2 Bb7 7. g3 d4 8. Ne2 Bd6
9. Bg2 Nge7 10. O-O O-O 11. g4 f6 12. Qe1 Rc8 13. Qh4 Ng6 14. Qh3 Qc7 15. Qg3
Nb4 16. Ne1 Nc6 17. h4 f5 18. h5 Nh8 19. gxf5 exf5 20. e5 Be7 21. Bd5+ Nf7 22.
Rf2 Rfd8 23. Bb3 Nb8 24. Nf3 Bd5 25. Rg2 Bf8 26. Bxd5 Rxd5 27. Qh3 Nh6 28. Ng3
Qd7 29. Nh4 c4 30. Ngxf5 Nxf5 31. Qxf5 Qxf5 32. Nxf5 cxd3 33. cxd3 Rc2 34. Kh2
Rc7 35. Rag1 Na6 36. Nxg7 Rxg7 37. Rxg7+ Bxg7 38. h6 Rd7 39. e6 Rc7 40. f5 Kh8
41. hxg7+ Rxg7 42. Bh6 1-0

[Event "Klatovy"]
[Site "?"]
[Date "2007.??.??"]
[Round "?"]
[White "Kaderabek, J."]
[Black "Havlik, J."]
[Result "0-1"]
[WhiteElo "2185"]
[BlackElo "2020"]
[PlyCount "98"]
[EventDate "2007.??.??"]

1. e4 e6 2. d4 d5 3. exd5 exd5 4. c4 Nf6 5. Nc3 Be7 6. Nf3 O-O 7. Bd3 c6 8. O-O
Nbd7 9. Ne5 dxc4 10. Nxc4 Nb6 11. Ne5 Nbd5 12. Nxd5 Nxd5 13. Re1 Be6 14. Bd2
Bb4 15. Bxb4 Nxb4 16. Be4 Nd5 17. a3 Nf6 18. Bf3 Qb6 19. Rc1 Rad8 20. Nc4 Qxd4
21. Qxd4 Rxd4 22. Na5 Rd7 23. Rcd1 Bd5 24. b4 Rfd8 25. a4 Bxf3 26. Rxd7 Rxd7
27. gxf3 Kf8 28. Kf1 Nd5 29. b5 c5 30. Re5 f6 31. Re4 Nb6 32. Nb3 Rc7 33. a5
Nd7 34. Ke2 Kf7 35. Nd2 b6 36. Nc4 bxa5 37. Nd6+ Kg8 38. Kd2 Ne5 39. f4 Rd7 40.
fxe5 fxe5 41. Rxe5 Rxd6+ 42. Kc3 a6 43. Kc4 axb5+ 44. Kxb5 Rh6 45. Rxc5 Rxh2
46. Rf5 g6 47. Rf4 Rh5+ 48. Ka4 Kg7 49. Kb3 Rf5 0-1

[Event "Klatovy"]
[Site "?"]
[Date "2007.??.??"]
[Round "?"]
[White "Kubik, J."]
[Black "Cakl, Z."]
[Result "0-1"]
[WhiteElo "1960"]
[BlackElo "2130"]
[PlyCount "64"]
[EventDate "2007.??.??"]

1. d4 d5 2. Nf3 e6 3. c4 Nf6 4. Bg5 Be7 5. e3 O-O 6. Nc3 b6 7. Bd3 dxc4 8. Bxc4
Bb7 9. O-O Nbd7 10. Rc1 h6 11. Bh4 Rc8 12. Bd3 c5 13. Qe2 cxd4 14. Nxd4 Nc5 15.
Bb1 Nd5 16. Bxe7 Qxe7 17. Nxd5 Bxd5 18. e4 Bb7 19. Rfd1 Qg5 20. Rc3 Rfd8 21. f3
Ba6 22. Qe1 Qe5 23. Nb3 Nxb3 24. Rxd8+ Rxd8 25. Rxb3 Qd4+ 26. Kh1 Qd2 27. Re3
Qxb2 28. Rb3 Qd2 29. Qe3 Bf1 30. Qxd2 Rxd2 31. g3 Rd1 32. Bc2 Rc1 0-1

[Event "Klatovy"]
[Site "?"]
[Date "2007.??.??"]
[Round "?"]
[White "Brom, J."]
[Black "Pokora, L."]
[Result "1-0"]
[WhiteElo "2120"]
[BlackElo "1995"]
[PlyCount "53"]
[EventDate "2007.??.??"]

1. e4 e5 2. Nf3 Nf6 3. Nc3 Bb4 4. d3 d5 5. exd5 Nxd5 6. Bd2 Nxc3 7. bxc3 Bd6 8.
Be2 O-O 9. O-O Bg4 10. h3 Bh5 11. Rb1 b6 12. Nxe5 Bxe2 13. Qxe2 Nd7 14. Nc4 Re8
15. Qf3 Ne5 16. Nxe5 Bxe5 17. Rfe1 Qf6 18. Qxf6 Bxf6 19. c4 Kf8 20. Kf1 Rad8
21. a4 a5 22. Rxe8+ Kxe8 23. c5 Bd4 24. cxb6 Bxb6 25. Rb5 Ra8 26. c4 Rd8 27. c5
1-0

[Event "Klatovy"]
[Site "?"]
[Date "2007.??.??"]
[Round "?"]
[White "Vlcek, M."]
[Black "Havlikova, K."]
[Result "1/2-1/2"]
[WhiteElo "1890"]
[BlackElo "2100"]
[PlyCount "43"]
[EventDate "2007.??.??"]

1. d4 Nf6 2. Nf3 g6 3. e3 Bg7 4. Bd3 O-O 5. O-O d6 6. Nbd2 Nc6 7. c3 e5 8. Ne4
Nxe4 9. Bxe4 d5 10. Bc2 e4 11. Nd2 Ne7 12. f3 f5 13. Bb3 Kh8 14. Qe1 Qd6 15.
Bc2 b6 16. c4 Ba6 17. b3 dxc4 18. Nxc4 Qd5 19. fxe4 fxe4 20. Bb2 Nf5 21. Rf4
Rae8 22. Ne5 1/2-1/2

[Event "Klatovy"]
[Site "?"]
[Date "2007.??.??"]
[Round "?"]
[White "Kopta, P."]
[Black "Paldus, P."]
[Result "1-0"]
[WhiteElo "2325"]
[BlackElo "2045"]
[PlyCount "55"]
[EventDate "2007.??.??"]

1. d4 f5 2. g3 Nf6 3. Bg2 e6 4. Nf3 Be7 5. c4 d5 6. Nc3 O-O 7. Bf4 Ne4 8. Qb3
c6 9. h4 Nd7 10. Ne5 Nxe5 11. Bxe5 Bf6 12. Bxf6 Qxf6 13. e3 Qg6 14. Ne2 b6 15.
Nf4 Qf6 16. Qa3 dxc4 17. f3 Nxg3 18. Rh3 c5 19. Rxg3 cxd4 20. O-O-O Qxh4 21.
Rh3 Qg5 22. Rxh7 Rf6 23. Rh5 Qg3 24. Qe7 Ba6 25. Rdh1 Rh6 26. Rxh6 gxh6 27.
Qxe6+ Kf8 28. Qxh6+ 1-0

[Event "Klatovy"]
[Site "?"]
[Date "2007.??.??"]
[Round "?"]
[White "Rmoutil, M."]
[Black "Trmal, J."]
[Result "1/2-1/2"]
[WhiteElo "2005"]
[BlackElo "2320"]
[PlyCount "65"]
[EventDate "2007.??.??"]

1. d4 Nf6 2. c4 e6 3. Nc3 d5 4. Bg5 Be7 5. e3 Nbd7 6. Nf3 O-O 7. Qc2 b6 8. cxd5
exd5 9. Bd3 Bb7 10. O-O h6 11. Bh4 c5 12. Rfe1 c4 13. Bf5 g6 14. Bxf6 Bxf6 15.
Bh3 Re8 16. Nb5 Nf8 17. g3 a6 18. Nc3 b5 19. a3 Qb6 20. Bg2 Rad8 21. Re2 Nh7
22. Rd1 Bc6 23. Red2 a5 24. Ne5 b4 25. Ne2 Bb7 26. Nf4 Bg5 27. Nh3 Be7 28. axb4
axb4 29. Ra1 b3 30. Qb1 Bb4 31. Rd1 Ra8 32. Rxa8 Rxa8 33. Nf4 1/2-1/2

[Event "Klatovy"]
[Site "?"]
[Date "2007.??.??"]
[Round "?"]
[White "Danek, V."]
[Black "Folkova, M."]
[Result "0-1"]
[WhiteElo "2020"]
[BlackElo "2195"]
[PlyCount "76"]
[EventDate "2007.??.??"]

1. c4 e6 2. g3 d5 3. Bg2 dxc4 4. Qa4+ Bd7 5. Qxc4 Bc6 6. Nf3 Nf6 7. Qc2 Be7 8.
Nc3 O-O 9. O-O b5 10. a3 a5 11. b3 Na6 12. Nd1 Bb7 13. Bb2 c5 14. d3 Rc8 15. a4
Nb4 16. Qb1 Bd5 17. axb5 Bxb3 18. Ne3 Bd5 19. Nc4 Ra8 20. e4 Bb7 21. Rd1 h6 22.
h3 a4 23. g4 Ra7 24. Be5 Qd7 25. Bg3 Qxb5 26. Nd6 Qa6 27. Nxb7 Rxb7 28. d4 c4
29. Ne1 a3 30. Qc1 a2 31. Qc3 Rc8 32. d5 Bc5 33. d6 Nd7 34. e5 Ra7 35. Kh2 Nb6
36. Bf1 Qa3 37. Rdc1 Qxc3 38. Rxc3 Bd4 0-1

[Event "Klatovy"]
[Site "?"]
[Date "2007.??.??"]
[Round "?"]
[White "Cekan, P."]
[Black "Kubikova, A."]
[Result "0-1"]
[WhiteElo "1970"]
[BlackElo "2155"]
[PlyCount "78"]
[EventDate "2007.??.??"]

1. d4 Nf6 2. c4 c5 3. d5 b5 4. cxb5 a6 5. b6 Qxb6 6. Nc3 g6 7. e4 d6 8. Nf3
Nbd7 9. Bd3 Bg7 10. Nd2 Qc7 11. Nc4 O-O 12. O-O Nb6 13. Bg5 Nxc4 14. Bxc4 Rb8
15. Rb1 Ng4 16. Qe2 Qb7 17. Qd2 f5 18. h3 Ne5 19. Be2 fxe4 20. Bh6 e3 21. Qxe3
Bf5 22. Bxg7 Kxg7 23. Rbd1 Qxb2 24. Bxa6 Ra8 25. f4 Rxa6 26. fxe5 Ra3 27. Rf3
Bc2 28. Rdf1 Rxf3 29. Rxf3 Be4 30. Qxe4 Rxc3 31. exd6 Rxf3 32. dxe7 Qf2+ 33.
Kh1 Re3 34. Qg4 Re1+ 35. Kh2 Qg1+ 36. Kg3 Re3+ 37. Kh4 Qf2+ 38. g3 Qf6+ 39. Qg5
Re4+ 0-1

[Event "Klatovy"]
[Site "?"]
[Date "2007.??.??"]
[Round "?"]
[White "Janocko, P."]
[Black "Pospisil, J."]
[Result "0-1"]
[WhiteElo "2130"]
[BlackElo "1970"]
[PlyCount "96"]
[EventDate "2007.??.??"]

1. d4 Nf6 2. c4 g6 3. g3 Bg7 4. Bg2 O-O 5. Nc3 c5 6. Nf3 Nc6 7. O-O d6 8. dxc5
dxc5 9. Bf4 Nh5 10. Qc1 Nxf4 11. Qxf4 Nd4 12. Rad1 Qa5 13. Nxd4 cxd4 14. Nd5 e5
15. Qh4 Qd8 16. Qxd8 Rxd8 17. e3 Kf8 18. exd4 exd4 19. b3 Rb8 20. Rfe1 Bf5 21.
Be4 Bxe4 22. Rxe4 b5 23. Nb4 bxc4 24. Nc6 c3 25. Nxb8 c2 26. Rc1 d3 27. Kg2
Rxb8 28. Rxc2 dxc2 29. Rc4 c1=Q 30. Rxc1 Rd8 31. Rc2 Ke7 32. g4 Be5 33. h3 Bf4
34. Kf3 g5 35. h4 Rd2 36. Rc6 Rxa2 37. Rh6 Ra3 38. Rxh7 Rxb3+ 39. Ke4 a5 40. h5
Rb8 41. Rh6 Ra8 42. Rb6 a4 43. h6 a3 44. h7 Rh8 45. Rh6 Bc1 46. Kf5 Bb2 47. Ra6
Rxh7 48. Kxg5 Rh2 0-1

[Event "Klatovy"]
[Site "?"]
[Date "2007.??.??"]
[Round "?"]
[White "Jonas, V."]
[Black "Grill, R."]
[Result "1/2-1/2"]
[WhiteElo "1985"]
[BlackElo "2110"]
[PlyCount "60"]
[EventDate "2007.??.??"]

1. e4 e5 2. Nf3 Nc6 3. d4 exd4 4. Bc4 Nf6 5. O-O Nxe4 6. Re1 d5 7. Bxd5 Qxd5 8.
Nc3 Qh5 9. Nxe4 Be6 10. Bg5 Bb4 11. Nxd4 Qxd1 12. Rexd1 Nxd4 13. Rxd4 Be7 14.
Re1 Rd8 15. Ra4 Bxg5 16. Nxg5 Rd2 17. Rxa7 O-O 18. Nxe6 fxe6 19. f3 Rxc2 20.
Rxb7 Rd8 21. Kh1 Rdd2 22. Rg1 Rxb2 23. Rxc7 Rxa2 24. h3 h6 25. Rcc1 Kf7 26.
Rcd1 Rf2 27. Rdf1 h5 28. Rxf2 Rxf2 29. Re1 Kf6 30. Re4 e5 1/2-1/2

[Event "Klatovy"]
[Site "?"]
[Date "2007.??.??"]
[Round "?"]
[White "Hacaperkova, L."]
[Black "Cmiko, J."]
[Result "1/2-1/2"]
[WhiteElo "1965"]
[BlackElo "2100"]
[PlyCount "36"]
[EventDate "2007.??.??"]

1. e4 d6 2. d4 Nf6 3. Nc3 g6 4. h3 Bg7 5. Be3 O-O 6. Qd2 c6 7. f4 b5 8. Bd3 a6
9. Nce2 Qc7 10. c3 c5 11. Ng3 e6 12. Nf3 Nbd7 13. O-O Bb7 14. f5 exf5 15. exf5
Rae8 16. Rae1 c4 17. Bc2 Nb6 18. Nh2 Nbd5 1/2-1/2

[Event "Klatovy"]
[Site "?"]
[Date "2007.??.??"]
[Round "?"]
[White "Hlavac, R."]
[Black "Kovar, P."]
[Result "1-0"]
[WhiteElo "2095"]
[BlackElo "2005"]
[PlyCount "71"]
[EventDate "2007.??.??"]

1. e4 c5 2. Nf3 Nc6 3. d4 cxd4 4. Nxd4 d6 5. c4 g6 6. Nc3 Bg7 7. Be3 Nf6 8. Be2
O-O 9. O-O Bd7 10. Rc1 Qa5 11. b3 a6 12. f3 b5 13. Qd2 Nxd4 14. Bxd4 Rfc8 15.
Kh1 Bc6 16. Rfd1 Rab8 17. Rc2 b4 18. Nd5 Nxd5 19. exd5 Bd7 20. Bxg7 Kxg7 21.
Qd4+ Kg8 22. Bd3 Rb7 23. Re2 Re8 24. Rde1 Bc8 25. h4 f6 26. Qf4 Kg7 27. h5 Qc5
28. g4 a5 29. hxg6 hxg6 30. Rh2 Rh8 31. Rxh8 Kxh8 32. Qh6+ Kg8 33. Qxg6+ Kf8
34. Qh6+ Ke8 35. Qh8+ Kd7 36. Bf5+ 1-0

[Event "Klatovy"]
[Site "?"]
[Date "2007.??.??"]
[Round "?"]
[White "Grabarczyk, S."]
[Black "Cvikl, M."]
[Result "1/2-1/2"]
[WhiteElo "1860"]
[BlackElo "2085"]
[PlyCount "81"]
[EventDate "2007.??.??"]

1. d4 Nf6 2. c3 b6 3. Nf3 Bb7 4. e3 d6 5. Nbd2 Nbd7 6. Bd3 e5 7. e4 Be7 8. O-O
O-O 9. Qe2 Re8 10. Re1 Bf8 11. Qf1 c6 12. Ng5 h6 13. Nh3 d5 14. f3 c5 15. dxc5
dxe4 16. Nxe4 Nxe4 17. Bxe4 Bxe4 18. Rxe4 Nxc5 19. Rg4 Qd6 20. Nf2 f5 21. Rh4
Rad8 22. Be3 Qf6 23. g3 Rd7 24. Qh3 Red8 25. f4 Nd3 26. fxe5 Qxe5 27. Bd4 Nxf2
28. Kxf2 Qb5 29. b4 Re8 30. Rf4 Qe2+ 31. Kg1 g6 32. g4 fxg4 33. Rxg4 Kh7 34.
Rg2 Qe6 35. Qh4 Bg7 36. Rd1 Red8 37. Rgd2 Rd5 38. h3 Bxd4+ 39. Rxd4 Qe3+ 40.
Kh1 Rxd4 41. Rxd4 1/2-1/2

[Event "Klatovy"]
[Site "?"]
[Date "2007.??.??"]
[Round "?"]
[White "Vevera, R."]
[Black "Vlasak, L."]
[Result "0-1"]
[WhiteElo "2080"]
[BlackElo "2005"]
[PlyCount "74"]
[EventDate "2007.??.??"]

1. e4 e5 2. f4 Bc5 3. Nf3 d6 4. Bc4 Nc6 5. Nc3 a6 6. d3 Nf6 7. Nd5 Bg4 8. c3
O-O 9. f5 Nxd5 10. Bxd5 Ne7 11. Bg5 Qd7 12. Bb3 Nxf5 13. Nxe5 dxe5 14. Qxg4
Qxd3 15. Qxf5 Kh8 16. Rd1 Qb5 17. Qd7 Qb6 18. Rd3 f6 19. Bd2 f5 20. exf5 e4 21.
Rd4 Bxd4 22. Qxd4 Qb5 23. c4 Qxf5 24. Qe3 Rad8 25. Bc3 Rd3 26. Qe2 Qg5 27. Bd2
Qh4+ 28. g3 Rxg3 29. Kd1 Rd3 30. Bc2 Rxd2+ 31. Kxd2 Rf2 32. Rf1 Rxe2+ 33. Kxe2
Qxh2+ 34. Rf2 Qh5+ 35. Ke3 Qc5+ 36. Ke2 Qxc4+ 37. Ke1 g6 0-1

[Event "Klatovy"]
[Site "?"]
[Date "2007.??.??"]
[Round "?"]
[White "Novotny, J."]
[Black "Jakl, A."]
[Result "1-0"]
[WhiteElo "2055"]
[BlackElo "1965"]
[PlyCount "75"]
[EventDate "2007.??.??"]

1. e4 c6 2. d4 d5 3. e5 Bf5 4. Nc3 h5 5. h4 e6 6. Be2 g6 7. Be3 Bh6 8. f4 Nd7
9. Nf3 Bg4 10. Ng5 Bxe2 11. Qxe2 Ne7 12. O-O-O Nf5 13. Bf2 Qe7 14. Rh3 Nb6 15.
Nb1 Nc4 16. Nd2 b5 17. Nb3 a5 18. Nc5 a4 19. g4 hxg4 20. Qxg4 Bxg5 21. hxg5
Rxh3 22. Qxh3 O-O-O 23. Rh1 Qa7 24. Qc3 Qa5 25. Qxa5 Nxa5 26. Rh7 Rf8 27. Be1
Nc4 28. b3 axb3 29. cxb3 Nce3 30. Bb4 Re8 31. Rxf7 Rh8 32. Ba5 Rh1+ 33. Kd2
Nf1+ 34. Kc3 Rh3+ 35. Kb4 Kb8 36. Bb6 Rh8 37. Na6+ Kc8 38. Rc7+ 1-0

[Event "Klatovy"]
[Site "?"]
[Date "2007.??.??"]
[Round "?"]
[White "Gdovin, J."]
[Black "Snaidr, J."]
[Result "1/2-1/2"]
[WhiteElo "2115"]
[BlackElo "2000"]
[PlyCount "68"]
[EventDate "2007.??.??"]

1. e4 c5 2. Nf3 d6 3. d4 cxd4 4. Nxd4 Nf6 5. Nc3 Nc6 6. Bc4 e6 7. Bb3 Be7 8.
Be3 a6 9. f4 Nxd4 10. Bxd4 b5 11. O-O O-O 12. e5 dxe5 13. fxe5 Nd7 14. Ne4 Bb7
15. Nd6 Bxd6 16. exd6 Qg5 17. Rf2 a5 18. Qe2 Rae8 19. Rd1 a4 20. h4 Qxh4 21.
Qxb5 axb3 22. Qxb7 bxc2 23. Rxc2 e5 24. Bc3 Qg4 25. Re1 Qe6 26. Rd2 Rb8 27. Qd5
Rfe8 28. a4 f5 29. a5 Kf7 30. Red1 Rec8 31. Qf3 g5 32. Rf1 Kg6 33. Rdf2 Rf8 34.
Qd3 Nc5 1/2-1/2

[Event "Klatovy"]
[Site "?"]
[Date "2007.??.??"]
[Round "?"]
[White "Krejci, J."]
[Black "Lexa, V."]
[Result "1-0"]
[WhiteElo "2100"]
[BlackElo "1955"]
[PlyCount "49"]
[EventDate "2007.??.??"]

1. d4 Nf6 2. c4 g6 3. Nc3 Bg7 4. e4 d6 5. Be2 O-O 6. Nf3 e5 7. O-O Nc6 8. d5
Ne7 9. Be3 Nd7 10. Nd2 f5 11. f3 f4 12. Bf2 g5 13. c5 Ng6 14. cxd6 cxd6 15. Nb5
Nf6 16. Nc4 Ne8 17. Nxa7 Bd7 18. Nb6 Rb8 19. Nxd7 Qxd7 20. Rc1 Nf6 21. Bb6 Rf7
22. Rc7 Qe8 23. Qc2 h5 24. Rc1 Ne7 25. Nb5 1-0

[Event "Klatovy"]
[Site "?"]
[Date "2007.??.??"]
[Round "?"]
[White "Framberk, J."]
[Black "Jenc, M."]
[Result "1-0"]
[WhiteElo "2075"]
[BlackElo "1965"]
[PlyCount "35"]
[EventDate "2007.??.??"]

1. e4 c5 2. Nf3 d6 3. d4 cxd4 4. Nxd4 Nf6 5. Nc3 Nc6 6. Be2 e6 7. O-O a6 8. Be3
Be7 9. a4 Bd7 10. f4 Qc7 11. Nb3 Na5 12. Nxa5 Qxa5 13. Bf3 Bc6 14. Qe1 d5 15.
exd5 Nxd5 16. Nxd5 Qxe1 17. Raxe1 exd5 18. Bc5 1-0